=LDR 00000nam 2200000 4500 =001 INLIS000000000024430 =005 20200910073251 =035 ##$$a 0010-061300000024430 =008 200910################g##########0#ind## =041 ##$$a Ind =082 ##$$a 2X5.1 =090 ##$$a 2X5.1, Thi t =100 ##$$a Taimiyah, Syekh Ibnu =245 1#$$a Terapi penyakit hati /$c Syekh Ibnu taimiyah =260 ##$$a Jakarta :$b Gema Insani,$c 1998 =300 ##$$a 78 hlm, ; $c 19 x 13 cm. =650 #4$$a Terapi =850 ##$$a NBPNMAT =020 ##$$a 979-561-515-7 =084 ##$$a 2X5.1 TAI t =990 ##$$a 156.261/Pb.2000 =990 ##$$a 20900704 =990 ##$$a 20700094 =990 ##$$a 20700028 =990 ##$$a 156.261/pb-2000